[Event "Titled Tue 27th May Late"]
[Site "chess.com INT"]
[Date "2025.05.27"]
[Round "7"]
[White "Terry, Renato"]
[Black "Petriashvili, Nikoloz"]
[Result "1-0"]
[WhiteTitle "IM"]
[BlackTitle "IM"]
[WhiteElo "2508"]
[BlackElo "2468"]
[WhiteFideId "3803457"]
[BlackFideId "13611216"]
[EventDate "2025.05.27"]

1. e4 Na6 2. d4 c6 3. f4 d5 4. e5 h5 5. Nf3 Bg4 6. Be3 e6 7. Nbd2 Ne7 8. Bf2 Nf5
9. c3 Nc7 10. Bd3 g6 11. h3 Bxf3 12. Nxf3 h4 13. O-O Be7 14. a4 a5 15. Qe2 Kf8
16. Nh2 Kg7 17. Ng4 b6 18. Rfd1 c5 19. dxc5 bxc5 20. Ne3 Nxe3 21. Bxe3 Qb8 22.
Rd2 c4 23. Bb1 Na6 24. Qg4 Bc5 25. Bd4 Bxd4+ 26. cxd4 Qb4 27. Rf2 Qe1+ 28. Rf1
Qg3 29. Qe2 Qb3 30. Ra3 Qb6 31. Kh1 Qxd4 32. Qg4 Rab8 33. Bxg6 fxg6 34. Qxe6
Rhf8 35. Qxa6 Rxf4 36. Rxf4 Qxf4 37. Qa7+ Kh6 38. Qxb8 Qf1+ 39. Kh2 Qf4+ 40. Kh1
Qc1+ 41. Kh2 Qf4+ 42. Kg1 Qc1+ 43. Kf2 Qd2+ 44. Kf3 Qd1+ 45. Kf2 Qd2+ 46. Kf3
Qd1+ 47. Ke3 Qg1+ 48. Kd2 Qf2+ 49. Kc1 Qe1+ 50. Kc2 Qe4+ 51. Kd2 Qd4+ 52. Ke2
Qe4+ 53. Re3 Qxg2+ 54. Kd1 Qg1+ 55. Re1 Qd4+ 56. Kc1 Qf4+ 57. Kb1 Qd2 58. Qh8+
Kg5 59. Rg1+ Kf5 60. Qf6+ Ke4 61. Qxg6+ Kd4 62. Qb6+ Ke4 63. Qg6+ Kd4 64. Qg4+
Kc5 65. Qd1 Qe3 66. Re1 Qf3 67. Qxf3 1-0

[Event "Titled Tue 27th May Late"]
[Site "chess.com INT"]
[Date "2025.05.27"]
[Round "7"]
[White "Guliev, Gasan"]
[Black "Skramstad, Oda Kofoed"]
[Result "1/2-1/2"]
[WhiteTitle "CM"]
[BlackTitle "WCM"]
[WhiteElo "2123"]
[BlackElo "1898"]
[WhiteFideId "34165638"]
[BlackFideId "1564862"]
[EventDate "2025.05.27"]

1. d4 Nf6 2. Bg5 d5 3. Bxf6 exf6 4. Nf3 Bd6 5. e3 O-O 6. Nbd2 Re8 7. Bd3 Nd7 8.
c4 dxc4 9. Nxc4 Bb4+ 10. Kf1 Nf8 11. Qc2 a6 12. Rc1 b5 13. Ncd2 Ba5 14. Nb3 Bb6
15. h3 Bb7 16. Nc5 Bxc5 17. Qxc5 Ne6 18. Qc2 h6 19. Bh7+ Kh8 20. Bf5 Rc8 21. e4
g6 22. Bxe6 Rxe6 23. d5 Re7 24. Nd4 Qd6 25. f3 Kg7 26. Qc5 Qf4 27. Ne2 Qe5 28.
Kf2 Kh7 29. h4 f5 30. h5 g5 31. Qd4 Qxd4+ 32. Nxd4 fxe4 33. fxe4 Rxe4 34. Rhd1
Bxd5 35. Nf3 c6 36. Rxd5 cxd5 37. Rxc8 f5 38. Rc7+ Kg8 39. Rd7 g4 40. Ng1 Rd4
41. Ne2 Rd2 42. Ke3 Rxb2 43. Rxd5 Rxa2 44. Rxf5 b4 45. Nf4 b3 46. Rd5 b2 47.
Rd8+ Kf7 48. Rb8 a5 49. g3 a4 50. Nd3 a3 51. Kf4 Ra1 52. Nxb2 axb2 53. Rxb2 Ra4+
54. Kf5 Kg7 55. Rb7+ Kg8 56. Re7 Kf8 57. Re4 Rxe4 58. Kxe4 Kg7 59. Kf5 Kf7 60.
Ke5 Ke7 61. Kf4 Ke6 62. Kxg4 Ke5 63. Kf3 Kf5 64. g4+ Kg5 65. Kg3 Kf6 66. Kf4 Ke6
67. Ke4 Kf6 68. Ke3 Ke5 69. Kf3 Ke6 70. Kg3 Ke5 71. g5 hxg5 72. Kg4 Kf6 73. h6
Kg6 74. h7 Kxh7 75. Kxg5 1/2-1/2

[Event "Titled Tue 27th May Late"]
[Site "chess.com INT"]
[Date "2025.05.27"]
[Round "7"]
[White "Ansat, Aldiyar"]
[Black "Akobian, Varuzhan"]
[Result "0-1"]
[WhiteTitle "IM"]
[BlackTitle "GM"]
[WhiteElo "2489"]
[BlackElo "2564"]
[WhiteFideId "13715658"]
[BlackFideId "13300580"]
[EventDate "2025.05.27"]

1. e4 e6 2. d4 d5 3. Nc3 Bb4 4. e5 c5 5. a3 Bxc3+ 6. bxc3 Nc6 7. h4 Qa5 8. Bd2
c4 9. a4 h6 10. Qg4 g6 11. h5 g5 12. f4 f5 13. Qg3 g4 14. Nf3 Nge7 15. Nh4 Rg8
16. Be2 Bd7 17. Qe3 O-O-O 18. Kf2 Be8 19. Kg3 Bxh5 20. Rhb1 Be8 21. Bc1 Ng6 22.
Nxg6 Bxg6 23. Ba3 Rd7 24. Bd6 h5 25. Rb5 Qd8 26. a5 h4+ 27. Kf2 g3+ 28. Kg1 a6
29. Rc5 Rxd6 30. exd6 Qxd6 31. Rb1 Kb8 32. Rb6 Rc8 33. Qc1 Rc7 34. Bf3 Be8 35.
Qe3 Ka7 36. Be2 Bd7 37. Bxc4 dxc4 38. d5 Ka8 39. Rxc4 Qxd5 40. Qd3 Kb8 41. Rb1
Qxd3 42. cxd3 Nxa5 43. Rd4 b5 44. c4 Kc8 45. Rd6 Rc6 46. Rd4 bxc4 47. dxc4 Nxc4
48. Rd3 a5 49. Rdb3 Kc7 50. Rb7+ Kd8 51. Rd1 Rd6 52. Rc1 a4 53. Ra7 Ne3 54. Ra8+
Ke7 55. Re1 Rd1 56. Rxd1 Nxd1 57. Ra7 Nc3 58. Kf1 Nd5 59. Ke2 Nxf4+ 60. Kf3 Nd5
61. Ra6 e5 62. Ra5 e4+ 63. Ke2 Kd6 64. Kd2 Bc6 65. Ra7 f4 66. Rh7 f3 67. gxf3
exf3 68. Rxh4 g2 69. Rg4 f2 70. Rxg2 f1=Q 71. Rg6+ Kc5 72. Rg3 Qf2+ 73. Kd1 Qxg3 0-1

[Event "Titled Tue 27th May Late"]
[Site "chess.com INT"]
[Date "2025.05.27"]
[Round "7"]
[White "Barseghyan, Armen Ar."]
[Black "Svane, Rasmus"]
[Result "1/2-1/2"]
[WhiteTitle "IM"]
[BlackTitle "GM"]
[WhiteElo "2348"]
[BlackElo "2629"]
[WhiteFideId "13306707"]
[BlackFideId "4657101"]
[EventDate "2025.05.27"]

1. Nf3 d5 2. d4 e6 3. c4 a6 4. cxd5 exd5 5. Nc3 Nf6 6. Bg5 Be6 7. e3 Nbd7 8. Be2
Bd6 9. Rc1 c6 10. O-O Qc7 11. h3 h6 12. Bxf6 Nxf6 13. Qc2 O-O 14. a3 g6 15. Bd3
Kg7 16. Na4 Rae8 17. Nc5 Bc8 18. b4 Qe7 19. Nd2 Bc7 20. Rce1 Qd6 21. f4 Re7 22.
Nf3 a5 23. Ne5 axb4 24. axb4 Kg8 25. b5 Nh5 26. bxc6 bxc6 27. Rf3 Ng7 28. g4
Ree8 29. Rg3 Qf6 30. Kh2 Qh4 31. Rf1 Qf6 32. Rf2 Rd8 33. Kg2 Rde8 34. Qa4 Bxe5
35. fxe5 Qe7 36. Qxc6 Ne6 37. Nxe6 Bxe6 38. Rf6 Rc8 39. Qd6 Qxd6 40. exd6 Kg7
41. Rgf3 Rce8 42. Kg3 g5 43. h4 Rd8 44. hxg5 hxg5 45. e4 dxe4 46. Bxe4 Rxd6 47.
d5 Rxd5 48. Bxd5 Bxd5 49. Rf2 Be6 50. R6f3 Rd8 51. Kh3 Rh8+ 52. Kg3 Rh4 53. Kg2
Kg6 54. Rf6+ Kg7 55. R6f3 Rxg4+ 56. Rg3 Bd5+ 57. Kh2 Rh4+ 58. Rh3 Rd4 59. Rc3
Kg6 60. Kg3 f5 61. Rb2 f4+ 62. Kg4 Be6+ 63. Kf3 Rd5 64. Rbc2 Re5 65. Rc5 Re3+
66. Kf2 Bf5 67. Rb2 Be4 68. Rb6+ Kh5 69. Rbb5 Rg3 70. Re5 Rf3+ 71. Ke2 Re3+ 72.
Kf2 Rf3+ 73. Ke2 Re3+ 74. Kf2 Rf3+ 1/2-1/2

[Event "Titled Tue 27th May Late"]
[Site "chess.com INT"]
[Date "2025.05.27"]
[Round "7"]
[White "Ghimoyan, Narek"]
[Black "Puzyrevsky, Semyon"]
[Result "1/2-1/2"]
[WhiteTitle "CM"]
[BlackTitle "FM"]
[WhiteElo "2273"]
[BlackElo "2253"]
[WhiteFideId "13315412"]
[BlackFideId "24240931"]
[EventDate "2025.05.27"]

1. d4 Nf6 2. c4 e6 3. Nc3 Bb4 4. Nf3 O-O 5. Bg5 c5 6. Rc1 Nc6 7. e3 cxd4 8. exd4
h6 9. Bh4 d5 10. c5 g5 11. Bg3 Ne4 12. Bd3 f5 13. Be5 g4 14. Nd2 Nxe5 15. dxe5
Nxc5 16. Bb1 d4 17. Ne2 Qd5 18. O-O Qxe5 19. Nc4 Qf6 20. Qxd4 Qxd4 21. Nxd4 Na6
22. Rfd1 Rd8 23. Nxf5 Rxd1+ 24. Rxd1 exf5 25. Rd8+ Kf7 26. Bxf5 Bxf5 27. Rxa8
Bc5 28. Ne3 Be6 29. a3 Bd4 30. b4 h5 31. Rd8 Bb6 32. Rh8 Kg6 33. Re8 Bf7 34. Re5
Nc7 35. a4 Kf6 36. Rf5+ Ke6 37. Rg5 Bxe3 38. fxe3 b6 39. e4 Ne8 40. a5 Nd6 41.
axb6 axb6 42. h3 Kf6 43. h4 Ke6 44. Kh2 Kd7 45. Re5 Bg6 46. Kg3 Nxe4+ 47. Kf4
Nd6 48. Re1 Bf7 49. Kg5 Kc6 50. g3 Kb5 51. Rd1 Ne4+ 52. Kf4 Nc3 53. Rd7 Be8 54.
Rd8 Bc6 55. Rh8 Ne2+ 56. Kg5 Nxg3 57. Rh6 Bf3 58. Kf4 Ne2+ 59. Ke3 Ng3 60. Kf4
Ne2+ 61. Ke3 Kxb4 62. Rxb6+ Kc5 63. Rh6 Ng3 64. Kf4 Ne2+ 65. Ke3 Nd4 66. Rxh5+
Kc4 67. Rg5 Ne6 68. Rg6 Kd5 69. h5 Ke5 70. h6 Nf8 71. Rg8 Nh7 72. Rg7 Nf6 73.
Rg5+ Ke6 74. Rg7 Be4 75. Kf4 Bf5 76. Kg5 g3 77. Kf4 Nh5+ 78. Kf3 Nxg7 79. hxg7
Kf7 80. Kxg3 Kxg7 1/2-1/2

[Event "Titled Tue 27th May Late"]
[Site "chess.com INT"]
[Date "2025.05.27"]
[Round "7"]
[White "Naranjo Moreno, Antonio"]
[Black "Barrientos, Ernesto"]
[Result "1/2-1/2"]
[WhiteTitle "FM"]
[BlackTitle "CM"]
[WhiteElo "2289"]
[BlackElo "2027"]
[WhiteFideId "2278626"]
[BlackFideId "3701247"]
[EventDate "2025.05.27"]

1. e4 c5 2. Nf3 d6 3. d4 cxd4 4. Nxd4 Nf6 5. Nc3 a6 6. Bg5 e6 7. f4 Be7 8. Qf3
Qc7 9. O-O-O h6 10. Bh4 Nbd7 11. Be2 g5 12. fxg5 Ne5 13. Qe3 Nh7 14. Nf3 hxg5
15. Bxg5 Nxg5 16. Nxg5 Bd7 17. h3 O-O-O 18. Kb1 Kb8 19. Rhf1 f6 20. Nf3 Rdg8 21.
Nxe5 dxe5 22. Bf3 Bc5 23. Qd3 Bc6 24. Qc4 Qe7 25. a3 Bd4 26. Bg4 Re8 27. Ne2 Bb5
28. Qb4 Qxb4 29. axb4 Rhg8 30. Rfe1 Bf2 31. Rf1 Bh4 32. Bf3 Rg3 33. Rd2 Rg7 34.
b3 Bg5 35. Rdd1 Bc6 36. c4 b5 37. Nc3 Kb7 38. Rd6 Rd7 39. Rfd1 Rxd6 40. Rxd6 Kc7
41. Rd1 Rb8 42. c5 a5 43. bxa5 b4 44. Na4 Bxa4 45. bxa4 Ra8 46. Rd6 Rxa5 47. Bd1
Rxc5 48. Rxe6 Rc1+ 49. Kb2 Rxd1 50. Re7+ Kd6 51. Re8 Rd2+ 52. Kb3 Rxg2 53. a5
Rg3+ 54. Kxb4 Bd2+ 55. Kb5 Bxa5 56. Kxa5 Rxh3 57. Kb5 Rd3 58. Rf8 Ke7 59. Rh8
Rd4 60. Rh4 Kf7 61. Kc5 Kg6 62. Rg4+ Kh5 63. Rg8 Rxe4 64. Kd5 Rf4 65. Rg1 Kh4
66. Rg6 e4 67. Kd4 f5 68. Ke3 Rf3+ 69. Ke2 Kh3 70. Rg5 Kh2 71. Rg6 Kh3 72. Rg7
Kh4 73. Rg6 Kh5 74. Rg8 Rf4 75. Ke3 Rf3+ 76. Ke2 Rf4 77. Ke3 Rg4 78. Rf8 Kg5 79.
Rg8+ Kf6 80. Rf8+ Kg5 81. Rg8+ Kh4 82. Rf8 Kg3 83. Rxf5 Kh4 84. Re5 Kg3 85. Rxe4
Rxe4+ 86. Kxe4 1/2-1/2

[Event "Titled Tue 27th May Late"]
[Site "chess.com INT"]
[Date "2025.05.27"]
[Round "7"]
[White "Herrera Ortiz, Miguel"]
[Black "Garcia, Jhoel"]
[Result "0-1"]
[WhiteTitle "IM"]
[BlackTitle "IM"]
[WhiteElo "2174"]
[BlackElo "2304"]
[WhiteFideId "5100550"]
[BlackFideId "3801110"]
[EventDate "2025.05.27"]

1. e4 c5 2. Nf3 a6 3. c3 d5 4. exd5 Qxd5 5. d4 e6 6. Bd3 Nf6 7. O-O cxd4 8. cxd4
Nc6 9. Nc3 Qd6 10. Re1 Be7 11. Bg5 O-O 12. Bh4 Nb4 13. Bb1 Nbd5 14. a3 b5 15.
Qd3 g6 16. Ne5 Bb7 17. Bg3 Nxc3 18. bxc3 Qd5 19. f3 Rac8 20. Ba2 Qd8 21. a4 Nd5
22. Rac1 Qa5 23. c4 bxc4 24. Bxc4 Nb4 25. Qd2 Rcd8 26. Qh6 Bd5 27. Bh4 Bxh4 28.
Qxh4 Bxc4 29. Rxc4 Nd5 30. Nc6 Qc7 31. Rec1 Rde8 32. Ne5 Qa7 33. Ng4 h5 34. Ne5
Kg7 35. Qe4 Nf6 36. Qe3 Nd5 37. Qd2 Nf6 38. Rc7 Qb6 39. Qd3 Kg8 40. Nxg6 Nd5 41.
R7c6 Qb2 42. Nxf8 Kxf8 43. R6c2 Qb4 44. Kh1 Qd6 45. Qh7 Nf4 46. Rc7 Ng6 47. Qxh5
Qxd4 48. Qh6+ Kg8 49. Qg5 Qg7 50. h4 Nf8 51. Qxg7+ Kxg7 52. R7c5 Ng6 53. Ra5
Nxh4 54. Rxa6 Ng6 55. Rb6 Rh8+ 56. Kg1 Ne7 57. Ra1 Nd5 58. Rb5 Ra8 59. Rbb1 Nc3
60. a5 Nxb1 61. Rxb1 Rxa5 62. Rb4 Rf5 63. Rg4+ Kf6 64. Rc4 Ke7 65. g4 Rxf3 66.
Kg2 Rf6 67. Kg3 Rg6 68. Rc7+ Kf6 69. Ra7 Kg7 70. Ra6 f5 71. Ra4 Kf6 72. Kf3 Rxg4
73. Ra6 Re4 74. Ra8 Rd4 75. Rf8+ Ke5 76. Ra8 Rd3+ 77. Ke2 Rc3 78. Ra5+ Ke4 79.
Kd2 Rd3+ 80. Ke2 Rd5 81. Ra4+ Rd4 82. Ra3 e5 83. Re3+ Kd5 84. Ra3 f4 85. Kf3 Rc4
86. Rb3 Kd4 87. Rb1 Rc3+ 88. Kg4 Rg3+ 89. Kf5 f3 90. Rd1+ Ke3 0-1

[Event "Titled Tue 27th May Late"]
[Site "chess.com INT"]
[Date "2025.05.27"]
[Round "7"]
[White "Dubnevych, Maksym"]
[Black "Burmakin, Vladimir"]
[Result "0-1"]
[WhiteTitle "FM"]
[BlackTitle "GM"]
[WhiteElo "2292"]
[BlackElo "2435"]
[WhiteFideId "14184001"]
[BlackFideId "4105109"]
[EventDate "2025.05.27"]

1. Nc3 d5 2. e4 dxe4 3. Nxe4 Nf6 4. Nxf6+ exf6 5. d4 Be6 6. Bd3 c6 7. Ne2 Bd6 8.
O-O Qc7 9. Ng3 O-O 10. Qh5 g6 11. Qh6 f5 12. Nh5 f6 13. Nf4 Bf7 14. h4 Re8 15.
Nh3 Nd7 16. h5 Bf8 17. Qd2 Rad8 18. c3 c5 19. hxg6 hxg6 20. b3 cxd4 21. cxd4 Nb6
22. Bb2 Nd5 23. Rac1 Qd6 24. Rfe1 a6 25. Rxe8 Rxe8 26. Re1 Rxe1+ 27. Qxe1 Bh6
28. a4 Kg7 29. a5 Qb4 30. Qxb4 Nxb4 31. Bc4 Bd2 32. Kf1 Nd5 33. Ke2 Bxa5 34. f3
Bc7 35. Kd2 b5 36. Bf1 Ba5+ 37. Kd3 Nb4+ 38. Kc3 Nd5+ 39. Kd3 f4 40. Nf2 f5 41.
Nd1 g5 42. Be2 Kf6 43. Kc2 Ke7 44. Nf2 Ne3+ 45. Kb1 Nxg2 46. Nh3 Bxb3 47. Nxg5
Bd5 48. Nh3 Bd2 49. Kc2 Bb4 50. Bc1 Ne3+ 51. Kb1 Bc4 52. Nxf4 Bxe2 53. Nxe2 Nd5
54. Kc2 Bd6 55. Kb3 a5 56. Bd2 a4+ 57. Kb2 Ke6 58. Nc1 Bb4 59. Bh6 Be7 60. Nd3
Bf6 61. Nc5+ Ke7 62. Ka3 Bxd4 63. Na6 Be5 64. Be3 Bd6+ 65. Kb2 Kd7 66. Bd4 Kc6
67. Kc2 Kb7 68. Nc5+ Bxc5 69. Bxc5 Kc6 70. Bf8 b4 71. Kd3 Kb5 72. Kd4 b3 73. Ba3
Nb4 74. Ke5 Nc2 75. Bc1 a3 76. Kxf5 b2 77. Bxb2 axb2 78. Ke4 b1=Q 79. Kf4 Nb4
80. Kg4 Nd5 81. f4 Qe4 82. Kg5 Qxf4+ 83. Kg6 Qf6+ 84. Kh7 Qg5 85. Kh8 Kc4 86.
Kh7 Nf6+ 87. Kh8 Qg8# 0-1

[Event "Titled Tue 27th May Late"]
[Site "chess.com INT"]
[Date "2025.05.27"]
[Round "7"]
[White "Adewumi, Tanitoluwa"]
[Black "Vagman, Roy"]
[Result "0-1"]
[WhiteTitle "FM"]
[BlackTitle "FM"]
[WhiteElo "2376"]
[BlackElo "2417"]
[WhiteFideId "30966396"]
[BlackFideId "2828995"]
[EventDate "2025.05.27"]

1. d4 Nf6 2. c4 g6 3. Nc3 Bg7 4. e4 d6 5. Be2 O-O 6. Be3 c5 7. d5 e6 8. Nf3 exd5
9. cxd5 b5 10. e5 dxe5 11. Bxc5 Re8 12. Bxb5 Bd7 13. Bc4 Qc8 14. b4 e4 15. Nd4
Na6 16. Bxa6 Qxa6 17. Qe2 Qb7 18. O-O Nxd5 19. Nxd5 Qxd5 20. Rad1 Qg5 21. Qe3
Qxe3 22. fxe3 a6 23. h3 f5 24. Rd2 Bxd4 25. Rxd4 Bb5 26. Rc1 Red8 27. g3 Rac8
28. Rxd8+ Rxd8 29. Bd4 Kf7 30. Rc7+ Rd7 31. Rc8 Ke6 32. Kf2 Kd5 33. h4 Ke6 34.
Ke1 Rb7 35. a3 Bd7 36. Rh8 Bb5 37. Rc8 Bd7 38. Rc5 Kd6 39. Ra5 Bb5 40. a4 Bd3
41. Kd2 Kd7 42. Rd5+ Ke6 43. Re5+ Kd6 44. Ra5 Kc6 45. Kc3 Rd7 46. Rc5+ Kb7 47.
Be5 Bf1 48. b5 axb5 49. axb5 Rd3+ 50. Kb4 Rd1 51. Rc7+ Kb6 52. Rc6+ Kb7 53. Ka5
Rd5 54. Rb6+ Kc8 55. Rb8+ Kd7 56. Bd4 h6 57. Kb4 g5 58. hxg5 hxg5 59. Rg8 f4 60.
Rg7+ Ke6 61. gxf4 Rxb5+ 62. Kc3 gxf4 63. Rg6+ Kf7 64. Rf6+ Ke7 65. Rxf4 Bd3 66.
Bf6+ Ke6 67. Bd4 Rb7 68. Rf6+ Kd5 69. Rf5+ Ke6 70. Re5+ Kd6 71. Rh5 Rc7+ 72. Kb4
Rc4+ 73. Kb3 Rc8 74. Ka4 Rc1 75. Ka5 Be2 76. Rh6+ Kd5 77. Rf6 Rb1 78. Rf5+ Kc4
79. Rc5+ Kd3 80. Rc3+ Kd2 81. Ra3 Bd3 82. Ka4 Rb7 83. Ra2+ Kd1 84. Ka5 Bc4 85.
Rh2 Rb8 86. Ka4 Kc1 87. Bc5 Bd3 88. Bb4 Bc2+ 89. Ka5 Kb2 90. Bc5 Kb3 91. Bd4 Bd3
92. Rh5 Ra8+ 93. Kb6 Ra6+ 94. Kb7 Ra4 95. Rc5 Rb4+ 96. Ka7 Ka2 97. Ra5+ Kb3 98.
Bc5 Rc4 99. Ra3+ Kb2 0-1

[Event "Titled Tue 27th May Late"]
[Site "chess.com INT"]
[Date "2025.05.27"]
[Round "7"]
[White "Deichmann, Esteban Horacio"]
[Black "Brozynski, Patryk"]
[Result "1/2-1/2"]
[BlackTitle "CM"]
[WhiteElo "2085"]
[BlackElo "2219"]
[WhiteFideId "167410"]
[BlackFideId "2512700"]
[EventDate "2025.05.27"]

1. e4 e6 2. c4 d5 3. cxd5 exd5 4. exd5 Nf6 5. Nc3 Nxd5 6. Bc4 Be6 7. Qb3 Nf4 8.
Bxe6 fxe6 9. Qxb7 Nd3+ 10. Kf1 Nd7 11. Nf3 Be7 12. Qe4 N7c5 13. Qc6+ Kf7 14. Ne4
Rf8 15. Nxc5 Bxc5 16. b4 Bxb4 17. Rb1 Kg8 18. Qxe6+ Kh8 19. Bb2 Nxb2 20. Rxb2
Qd3+ 21. Kg1 Rae8 22. Qb3 Qe2 23. h3 Bc5 24. d4 Qe4 25. dxc5 Rxf3 26. Qxf3 Qe1+
27. Kh2 Qe5+ 28. Qg3 Qxb2 29. Rd1 Qf6 30. Rd7 Rg8 31. Rxc7 h5 32. Rxa7 Re8 33.
Ra4 Rc8 34. Rf4 Qe7 35. Qe3 Qxc5 36. Qxc5 Rxc5 37. a4 Ra5 38. Kg3 Kh7 39. Rc4 g6
40. f4 Kh6 41. Kh4 Rd5 42. g4 hxg4 43. hxg4 Rd1 44. g5+ Kg7 45. Rc7+ Kf8 46. Ra7
Rg1 47. a5 Ra1 48. Kg4 Kg8 49. Kf3 Ra4 50. a6 Kf8 51. Kg4 Kg8 52. Ra8+ Kg7 53.
Kf3 Kh7 54. a7 Kg7 55. Ke3 Kh7 56. Kd3 Kg7 57. Kc3 Kh7 58. Kb3 Ra1 59. Kb4 Kg7
60. Kc5 Rc1+ 61. Kd6 Rd1+ 62. Ke5 Re1+ 63. Kd4 Rd1+ 64. Ke4 Ra1 65. f5 Ra4+ 66.
Ke5 Ra5+ 67. Ke6 gxf5 68. Kd6 f4 69. Kc6 Ra1 70. Kb6 Rb1+ 71. Ka6 Ra1+ 72. Kb5
Rb1+ 73. Ka6 f3 74. Rc8 f2 75. Rc7+ Kg6 76. Rc6+ Kg7 77. Rc7+ Kg6 78. Rc6+ Kh5
79. a8=Q Ra1+ 80. Kb7 Rxa8 81. Rf6 Rg8 82. g6 Rxg6 83. Rxf2 Kh6 84. Kc7 Kg5 85.
Kd8 Rf6 86. Rh2 Kf5 87. Ke7 Re6+ 88. Kd7 Ra6 89. Rb2 Ke4 90. Rh2 Kd5 91. Rh5+
Ke4 92. Kc7 Rg6 93. Rb5 Rg1 94. Kd6 Rc1 95. Rb4+ Kf5 96. Rb2 Rd1+ 97. Ke7 Ra1
98. Rb5+ Ke4 99. Kf6 Ra6+ 100. Kg5 Kd4 101. Kf4 Rf6+ 102. Kg5 Rf8 103. Rb7 Ke5
104. Re7+ Kd6 105. Re1 Kd5 106. Kg4 Kd4 107. Rd1+ Ke3 108. Rd7 Ke4 109. Kg5 Ke5
110. Rd1 Rg8+ 111. Kh6 Kf6 112. Kh7 Rg2 113. Rh1 Kf7 114. Rf1+ Ke6 115. Kh6 Ke7
116. Kh5 Ke6 117. Re1+ Kf5 118. Rf1+ Ke4 119. Ra1 Kf4 120. Ra4+ Kf5 121. Kh4 Rg8
122. Ra5+ Kf4 123. Ra4+ Kf3 124. Kh5 Rg1 125. Kh6 Rg8 126. Kh7 Rg1 127. Ra5 Kf4
128. Ra2 Kf5 129. Rf2+ Ke6 130. Rf4 Ke5 131. Rf8 Ke6 132. Kh6 Ke7 133. Rf5 1/2-1/2

[Event "Titled Tue 27th May Late"]
[Site "chess.com INT"]
[Date "2025.05.27"]
[Round "8"]
[White "Sieciechowicz, Marcin"]
[Black "Materia, Marco"]
[Result "0-1"]
[WhiteTitle "IM"]
[BlackTitle "IM"]
[WhiteElo "2410"]
[BlackElo "2489"]
[WhiteFideId "1130170"]
[BlackFideId "45150451"]
[EventDate "2025.05.27"]

1. d4 Nf6 2. c4 e6 3. Nc3 d5 4. cxd5 exd5 5. Bg5 Be7 6. e3 h6 7. Bh4 Bg4 8. Qb3
Nbd7 9. h3 Be6 10. Nf3 O-O 11. Be2 c5 12. dxc5 d4 13. Qxb7 Nxc5 14. Qb5 dxc3 15.
bxc3 Rb8 16. Qc6 Rb6 0-1

[Event "Titled Tue 27th May Late"]
[Site "chess.com INT"]
[Date "2025.05.27"]
[Round "8"]
[White "Altini, Nicola"]
[Black "Bogaudinov, Rushan"]
[Result "0-1"]
[WhiteTitle "IM"]
[BlackTitle "FM"]
[WhiteElo "2357"]
[BlackElo "1912"]
[WhiteFideId "833924"]
[BlackFideId "4129288"]
[EventDate "2025.05.27"]

1. e4 c5 2. Nf3 Nc6 3. d4 cxd4 4. Nxd4 e6 5. Nc3 a6 6. Nxc6 bxc6 7. Bd3 d5 8.
O-O Nf6 9. e5 Nd7 10. f4 Be7 11. b3 a5 12. Bb2 Ba6 13. Qf3 Bxd3 14. cxd3 g6 15.
Rae1 Qb6+ 16. Kh1 h5 17. Na4 Qb4 18. Bc3 Qb5 19. d4 c5 20. dxc5 Nxc5 21. Nxc5
Bxc5 22. Qg3 Bb4 23. Rc1 Bxc3 24. Rxc3 Qxf1# 0-1

[Event "Titled Tue 27th May Late"]
[Site "chess.com INT"]
[Date "2025.05.27"]
[Round "8"]
[White "Kleimenov, Nikolay"]
[Black "Mei, Austin"]
[Result "0-1"]
[WhiteTitle "CM"]
[BlackTitle "FM"]
[WhiteElo "2198"]
[BlackElo "2280"]
[WhiteFideId "34414223"]
[BlackFideId "30948479"]
[EventDate "2025.05.27"]

1. e4 Nc6 2. Nf3 e5 3. Bc4 Nf6 4. d3 h6 5. O-O d6 6. c3 g5 7. h3 g4 8. hxg4 Bxg4
9. Nbd2 Rg8 10. Re1 Nh5 11. Nf1 Qf6 12. N1h2 Bh3 13. Kf1 Rxg2 14. Ke2 Ng3+ 15.
Kd2 Rxf2+ 16. Ke3 Rxh2 0-1

[Event "Titled Tue 27th May Late"]
[Site "chess.com INT"]
[Date "2025.05.27"]
[Round "8"]
[White "Jagirapu, Harshin Reddy"]
[Black "Hernandez Bonilla, Amelia"]
[Result "1-0"]
[BlackTitle "WFM"]
[WhiteElo "2042"]
[BlackElo "1976"]
[WhiteFideId "39910679"]
[BlackFideId "3900193"]
[EventDate "2025.05.27"]

1. e4 c5 2. Nf3 d6 3. d4 cxd4 4. Nxd4 Nf6 5. Nc3 Nc6 6. Bg5 e6 7. Qd2 a6 8.
O-O-O Bd7 9. f4 b5 10. Bxf6 gxf6 11. Nxc6 Bxc6 12. f5 b4 13. Ne2 Bxe4 14. Ng3
Bc6 15. fxe6 fxe6 16. Be2 Qb6 17. Bh5+ Kd7 18. Rhe1 e5 19. Bf7 Kc7 20. Nf5 Rd8
21. Bd5 h5 22. Re4 a5 23. Rc4 1-0

[Event "Titled Tue 27th May Late"]
[Site "chess.com INT"]
[Date "2025.05.27"]
[Round "8"]
[White "Schuster, Karsten"]
[Black "Gimeno Martos, Roberto"]
[Result "0-1"]
[WhiteTitle "FM"]
[BlackTitle "CM"]
[WhiteElo "2266"]
[BlackElo "2090"]
[WhiteFideId "4611071"]
[BlackFideId "2226804"]
[EventDate "2025.05.27"]

1. e4 c6 2. d4 d5 3. exd5 cxd5 4. Bd3 Nc6 5. c3 Nf6 6. Bf4 Bg4 7. Qb3 Qb6 8.
Qxb6 axb6 9. Nd2 e6 10. Ngf3 Be7 11. h3 Bh5 12. Ne5 O-O 13. g4 Bg6 14. Nxg6 hxg6
15. Ke2 Nd7 16. h4 e5 17. dxe5 Ndxe5 18. Bxe5 Nxe5 19. f3 Rfe8 20. Bb5 Nc6 21.
Nb3 Ba3+ 22. Kd2 Bxb2 23. Rab1 Rxa2 24. Kd1 Bxc3 25. Bxc6 bxc6 26. Rc1 d4 27.
Rh3 Re1# 0-1

[Event "Titled Tue 27th May Late"]
[Site "chess.com INT"]
[Date "2025.05.27"]
[Round "8"]
[White "Averchenko, Sergej"]
[Black "Duarte Cramer, Lily Jeanette"]
[Result "1-0"]
[WhiteTitle "FM"]
[BlackTitle "WCM"]
[WhiteElo "2164"]
[BlackElo "1828"]
[WhiteFideId "4131533"]
[BlackFideId "29620180"]
[EventDate "2025.05.27"]

1. d4 d5 2. e4 dxe4 3. Nc3 c5 4. d5 Nf6 5. Bg5 e6 6. Bb5+ Bd7 7. dxe6 fxe6 8.
Nge2 Be7 9. O-O Bxb5 10. Nxb5 Nc6 11. Ng3 O-O 12. Qxd8 Raxd8 13. Nc3 Nd4 14.
Rac1 Bd6 15. Rfe1 Bxg3 16. hxg3 h6 17. Bxf6 gxf6 18. Nxe4 Rd5 19. c3 Nf5 20. g4
Ng7 21. Rcd1 Rfd8 22. Nxf6+ Kf7 23. Nxd5 exd5 24. Re5 d4 25. Rxc5 dxc3 26. Rxd8 1-0

[Event "Titled Tue 27th May Late"]
[Site "chess.com INT"]
[Date "2025.05.27"]
[Round "8"]
[White "Gelman, Alexander"]
[Black "Shirov, Alexei"]
[Result "0-1"]
[WhiteTitle "IM"]
[BlackTitle "GM"]
[WhiteElo "2403"]
[BlackElo "2620"]
[WhiteFideId "4118316"]
[BlackFideId "2209390"]
[EventDate "2025.05.27"]

1. d4 d5 2. Nc3 Nf6 3. Bf4 c5 4. e3 a6 5. Nf3 Nc6 6. Ne5 e6 7. Nxc6 bxc6 8. Qf3
Qa5 9. O-O-O c4 10. e4 Bb4 11. exd5 cxd5 12. Be5 Bxc3 13. Bxf6 Bxb2+ 14. Kxb2
Rb8+ 15. Ka1 Qb4 0-1

[Event "Titled Tue 27th May Late"]
[Site "chess.com INT"]
[Date "2025.05.27"]
[Round "8"]
[White "Arkell, Keith C"]
[Black "Bratovic, Blaz"]
[Result "1-0"]
[WhiteTitle "GM"]
[BlackTitle "IM"]
[WhiteElo "2342"]
[BlackElo "2319"]
[WhiteFideId "400270"]
[BlackFideId "14603551"]
[EventDate "2025.05.27"]

1. d4 f5 2. Nf3 Nf6 3. Bg5 e6 4. Nbd2 d5 5. Ne5 Be7 6. e3 O-O 7. Bd3 c5 8. c3
Nbd7 9. Ndf3 Nxe5 10. Nxe5 Nd7 11. Bxe7 Qxe7 12. Nxd7 Bxd7 13. O-O e5 14. dxe5
Qxe5 15. Re1 Bc6 16. Be2 Rad8 17. Bf3 Rfe8 18. g3 Qf6 19. Bg2 g5 20. Qd2 h6 21.
Rad1 d4 22. cxd4 cxd4 23. Bxc6 Qxc6 24. exd4 Rxe1+ 25. Rxe1 Qc4 26. b3 Qd5 27.
Qb4 Rd6 28. Qa4 Qc6 29. Qxa7 Qc3 30. Qb8+ Kf7 31. Qe8+ Kf6 32. Qe7+ Kg6 33.
Qxd6+ Kh5 34. Qe6 f4 35. Qe8+ Kg4 36. h3+ 1-0